| 000 | 00700nam a2200181 a 4500 | ||
|---|---|---|---|
| 008 | 081022s1980 ||||||||||||||||| || u | ||
| 050 | _aIBRD(08) | ||
| 110 | _aWorld Bank | ||
| 245 | 1 | 4 |
_aThe newly-industrializing developing countries after the oil crisis _cPrepared by Bela Balassa |
| 260 |
_aWashington, D.C _bWorld Bank _c1980 |
||
| 300 | _a57p. | ||
| 350 | _a0.00 | ||
| 362 | 1 | _ano. 437 | |
| 490 | _aWorld Bank Staff working paper | ||
| 650 | _aDEVELOPING COUNTRIES--OIL CRISIS 1973-74 | ||
| 650 | 0 | _aAFRICA--ECONOMIC CONDITIONS | |
| 995 |
_D0.00 _FCBU-MAIN LIBRARY (Kitwe) _H1 _I0.00 _M1 _UAVAILABLE _WOct 22, 2008 _ZInternational Publications |
||
| 999 |
_c52217 _d52217 |
||